|
|
|
|
| LEADER |
00000nab a2200000 a 4500 |
| 001 |
vtls000770461 |
| 003 |
SK-MaSNL |
| 005 |
20260304133436.0 |
| 008 |
250429c2001 xo 0 slo |
| 015 |
|
|
|a SNBRB2001/10-29443
|
| 035 |
|
|
|a CLN000122248
|
| 035 |
|
|
|a urn:nbn:sk:snk-aba35t
|
| 035 |
|
|
|a (urnnbn)urn:nbn:sk:snk:ar-a09b61
|
| 035 |
|
|
|a (uuid)c76fea7f-a7b3-4b3d-9911-9930141949d1
|
| 040 |
|
|
|a SNKBUCL
|b slo
|c SNKBUCL
|e AACR2
|
| 041 |
0 |
|
|a cze
|
| 044 |
|
|
|a xo
|c SK
|
| 080 |
|
|
|a 796.422:372.879
|2 1997
|
| 100 |
1 |
|
|a Ryba, Jiří
|4 aut
|9 783365
|
| 245 |
1 |
0 |
|a Rozvoj běžecké rychlosti ve školní tělesné výchově pomocí speciálních cvičení
|c Jiří Ryba
|
| 300 |
|
|
|b Tab.
|
| 650 |
0 |
7 |
|a atletika ľahká
|x beh
|x výchova telesná
|x cvičenia špeciálne
|2 snkbucl
|9 1450438
|
| 650 |
0 |
7 |
|a telesná výchova
|2 snkbucl
|9 708
|
| 655 |
|
7 |
|a články z novín a časopisov
|2 snkbucl
|9 267496
|
| 773 |
0 |
|
|t Telesná výchova a šport
|g Roč. 11, č. 3 (2001), s. 46-47
|x 1335-2245
|
| 850 |
|
|
|a Slovenská národná knižnica
|
| 852 |
|
|
|a Slovenská národná knižnica
|
| 958 |
|
|
|a article13
|
| 958 |
|
|
|a OND
|
| 958 |
|
|
|a EUIPO
|
| 992 |
|
|
|a RBX
|
| 999 |
|
|
|c 2901613
|d 2903543
|